书目信息 |
| 题名: |
钢琴教程
|
|
| 作者: | 黄瑂莹 主编 ;韩曼琳 , 高梅 编 | |
| 分册: | 二 | |
| 出版信息: | 重庆 西南师范大学出版社 2000 |
|
| 页数: | 201页 | |
| 开本: | 29cm | |
| 丛书名: | 西南师范大学出版社21世纪音乐系列丛书 | |
| 单 册: | ||
| 中图分类: | J624.1 | |
| 科图分类: | ||
| 主题词: | 钢琴--奏法 | |
| 电子资源: | ||
| ISBN: | 7-5621-2273-3 | |
| 000 | 00847nam2 2200265 45 | |
| 001 | 0404071036 | |
| 005 | 20040407103934.6 | |
| 010 | @a7-5621-2273-3@dCNY26.00 | |
| 100 | @a20040407d2000 km y0chiy0120 ea | |
| 101 | 0 | @achi |
| 105 | @a z 000yy | |
| 200 | 1 | @a钢琴教程@AGang Qin Jiao Cheng@h二@f黄瑂莹主编@FHuang Mei Ying Zhu Bian@g韩曼琳,高梅编 |
| 210 | @a重庆@c西南师范大学出版社@d2000 | |
| 215 | @a201页@d29cm | |
| 225 | @a西南师范大学出版社21世纪音乐系列丛书@f周荫昌主编 | |
| 300 | @a21世纪高师音乐教材 | |
| 410 | @12001 @a西南师范大学出版社21世纪音乐系列丛书 | |
| 410 | @1700 0@a周荫昌@AZhou Yin Chang@4主编 | |
| 606 | 0 | @a钢琴@x奏法 |
| 690 | @aJ624.1@v4 | |
| 701 | 0 | @a黄瑂莹@4主编 |
| 702 | 0 | @a韩曼琳@AHan Man Lin@4编 |
| 702 | 0 | @a高梅@AGao Mei@4编 |
| 801 | @aCN@bTSTC@c20040407 | |
| 905 | @b331005-009@dJ624.1@e123:2@f5 | |
| 钢琴教程.二/黄瑂莹主编/韩曼琳,高梅编.-重庆:西南师范大学出版社,2000 |
| 201页;29cm.-(西南师范大学出版社21世纪音乐系列丛书/周荫昌主编) |
| 21世纪高师音乐教材 |
| ISBN 7-5621-2273-3:CNY26.00 |
| ● |
| 相关链接 |
|
|
|
|
正题名:钢琴教程
索取号:J624.1/123:2
 
预约/预借
| 序号 | 登录号 | 条形码 | 馆藏地/架位号 | 状态 | 备注 |
| 1 | 0331005 | 203310050 | 第一借阅区/ [索取号:J624.1/123:2] | 在馆 | |
| 2 | 0331006 | 203310069 | 第一借阅区/ [索取号:J624.1/123:2] | 在馆 | |
| 3 | 0331007 | 203310078 | 第一借阅区/ [索取号:J624.1/123:2] | 在馆 | |
| 4 | 0331008 | 203310087 | 第一借阅区/ [索取号:J624.1/123:2] | 在馆 | |
| 5 | 0331009 | 203310096 | 第一样本阅览室/ [索取号:J624.1/123:2] | 在馆 |